LEADER 00945nam0-22002771i-450- 001 990007492240403321 005 20050428171340.0 035 $a000749224 035 $aFED01000749224 035 $a(Aleph)000749224FED01 035 $a000749224 100 $a20030814d1952----km-y0itay50------ba 101 0 $aita 102 $aIT 200 1 $a<>naturalista$eesploratore, raccoglitore, preparatore$eguida pratica elementare per la raccolta, preparazione, conservazionedi tutti gli oggetti di storia naturale (animali e piante, viventi e fossili, minerali e rocce$fPietro Zangheri 210 $aMilano$cHoepli$dstampa 1952 215 $aXVIII, 386 p.$d16 cm 610 0 $aViaggi e Viaggiatori 700 1$aZangheri,$bPietro$f<1889-1983>$064422 801 0$aIT$bUNINA$gRICA$2UNIMARC 901 $aBK 912 $a990007492240403321 952 $aB-05-047$bIst.4924$fILFGE 959 $aILFGE 996 $aNaturalista$9367171 997 $aUNINA LEADER 01122nam 2200337Ia 450 001 996390232503316 005 20221108052845.0 035 $a(CKB)1000000000654757 035 $a(EEBO)2248582862 035 $a(OCoLC)12324615 035 $a(EXLCZ)991000000000654757 100 $a19850730d1674 uy | 101 0 $aeng 135 $aurbn||||a|bb| 200 10$aAnthologia historica$b[electronic resource] $econtaining fourteen centuries of memorable passages and remarkable occurrents, collected out of the English, Spanish, Imperial, and Jewish histories, and several other authors, and writers 210 $aLondon $cPrinted by J.R. for P.C.$d1674 215 $a[12], 460 p 300 $aReproduction of original in Bodleian Library. 300 $aErrata: p. [12] 330 $aeebo-0014 606 $aWorld history$vEarly works to 1800 615 0$aWorld history 700 $aChetwynd$b John$f1623-1692.$01002225 801 0$bEAA 801 1$bEAA 801 2$bm/c 801 2$bWaOLN 906 $aBOOK 912 $a996390232503316 996 $aAnthologia historica$92302479 997 $aUNISA